Meditaciones sobre la vida / [por] Robert Nozick ; tr. Carlos Gardini

Guardado en:
Bibliografiske detaljer
Hovedforfatter: NOzick, Robert (autor)
Format: Bog
Serier:Hombre y sociedad
Fag:
Tags: Tilføj Tag
Ingen Tags, Vær først til at tagge denne postø!

MARC

LEADER 00000nam^a2200000^u^4500
001 000545080
005 20250521000000.0
008 060220s1000^^^^^^^^^^^^r^^^^^000^0^spa^d
009 20260310131341.444
035 |a FMI 000014442 
037 |a Acervo Xavier Clavigero 
096 |a 6.7/69/C 
100 |a NOzick, Robert  |e (autor) 
245 1 0 |a Meditaciones sobre la vida / [por] Robert Nozick ; tr. Carlos Gardini 
264 |a Barcelona : Guedisa, 1992 
300 |a 242 p. 
336 |a texto  |b txt  |2 rdacontenido 
337 |a sin mediación  |b n  |2 rdamedio 
338 |a volumen  |b nc  |2 rdasoporte 
440 0 |a Hombre y sociedad 
597 |a Trad. del inglés ("The examined life. Philosophical meditations"). 
649 |a XX 
650 |a HISTORIA DE LA FILOSOFIA 
910 |a Fondo Francisco Migoya Covarrubias S.J. 
920 |a Impresos - Libros 
930 |a Fondos Especiales 
905 |a 134 
901 |a SBC15296  |b IT2  |c ESP  |u 20250521 
902 |a https://opac.biblio.iteso.mx/vufind/Record/000545080